Ježišove podobenstvá

Bibliographic Details
Main Author: Wendt, Harry N. (Author)
Other Authors: Hroboň, Bohdan, 1968- (Translator), Beard, Knarell (Illustrator)
Format: Book
Language:Slovak
PhysicalDescription:63 s. ilustr. 30 cm 1 brož.
Published: Liptovský Mikuláš Tranoscius c1999
ISBN:8071401714
Subjects:

MARC

LEADER 00000nam a2200000 a 4500
001 vtls001372868
003 SK-MaSNL
005 20260301115350.0
008 240318s1999 xo a r 0 slo
015 |a SNBA1999/12-04601 
020 |a 8071401714 
035 |a SNK000326725 
035 |a urn:nbn:sk:snk-amlrd8 
035 |a urn:nbn:sk:snk-am00c9wa 
035 |a 302E55C2-BB01-4576-9B5E-BAEB89F6C8A3 
040 |a SNK  |b slo  |c SNK  |e AACR2 
041 0 |a slo 
044 |a xo  |c SK 
080 |a 232(075.4)  |2 1981 
100 1 |a Wendt, Harry N.  |4 aut  |9 460265 
240 1 0 |a The parables of Jesus  |l Slovensky 
245 1 0 |a Ježišove podobenstvá  |c H.N. Wendt ; [z anglického originálu preložil Bohdan Hroboň] 
260 |a Liptovský Mikuláš  |b Tranoscius  |c c1999 
300 |a 63 s.  |b ilustr.  |c 30 cm  |e 1 brož. 
500 |a Ilustr. na tit. strane 
500 |a Údaj o prekl. prevzatý z rubu tit. strany 
500 |a Ilustr. Knarelle Beardová 
600 0 |a Ježiš Kristus  |x podobenstvá  |x výklady  |x texty učebné  |2 SNK  |9 460266 
655 7 |a príručky  |2 SNK  |9 74364 
700 1 |a Hroboň, Bohdan,  |d 1968-  |4 trl  |9 234162 
700 1 |a Beard, Knarell  |4 ill  |9 460267 
919 |a 80-7140-171-4 
958 |a TL 
958 |a NT 
958 |a OP 
958 |a NS 
958 |a OND 
968 |b ENG 
999 |c 721949  |d 723879 
952 |a SNK  |b SNK  |y PREZ  |7 0  |p 17A0212019  |o snkSB 60819  |i snkKSP 9214/99  |8 0  |0 0  |1 0  |4 0  |d 1999-09-22  |f 1  |l 0  |r 2025-04-11 00:00:00  |w 2026-02-23 
952 |t P60, <04>, [BOOK], {604}  |a SNK  |b SNK  |y VYP  |7 0  |p 17A0212020  |o snkSB 60819 D1  |i snkKSP 9215/99  |0 0  |1 0  |4 0  |d 1999-09-22  |l 0  |r 2005-01-02 00:00:00  |w 2026-02-23 
952 |t Príloha: Obrázky ku knihe (brožú  |a SNK  |b SNK  |y PREZ  |7 0  |p 17A1021156  |o snkSB 60819/príl.  |i snkKSP 9214/99  |3 Príloha: Obrázky ku knihe (brožúra 11 s.)  |z Príloha: Obrázky ku knihe (brožúra 11 s.)  |0 0  |1 0  |4 0  |d 2013-01-16  |l 0  |r 2025-04-11 00:00:00  |w 2026-02-23